La gestión del suelo en el cinturón verde metropolitano (Registro nro. 20685)
[ vista simple ]
| 000 -CABECERA | |
|---|---|
| Campo de control | 01060nam a22002537a 4500 |
| 005 - FECHA Y HORA DE LA ULTIMA TRANSACCION | |
| Campo de control | 20200103082742.0 |
| 008 - ELEMENTOS DE LONGITUD FIJA—INFORMACION GENERAL | |
| Campo de control | 200103b xxu||||| |||| 00| 0 spa d |
| 020 ## - ISBN | |
| ISBN | 9789588513720 |
| 040 ## - FUENTE DE CATALOGACIÓN | |
| Agencia catalogadora original | CO-BoIAVH |
| Agencia transcriptora | CO-BoIAVH |
| 041 ## - IDIOMA | |
| Código de idioma para texto/pista de sonido o título separado | Español |
| 044 ## - PAÍS DE PUBLICACIÓN | |
| País de publicación | Colombia |
| 082 ## - NUMERO DE CLASIFICACION DECIMAL DEWEY | |
| Número de clasificación | 307.12 |
| Número del ítem | A31g |
| 110 ## - ASIENTO PRINCIPAL--NOMBRE CORPORATIVO | |
| 9 (RLIN) | 807 |
| Nombre corporativo o de jurisdicción como elemento de entrada | Área Metropolitana del Valle de Aburrá. |
| 245 ## - MENCION DE TITULO | |
| Título | La gestión del suelo en el cinturón verde metropolitano |
| Parte restante del título | Manual práctico para servidores públicos |
| Mención de responsabilidad | Área Metropolitana Valle de Aburrá y Universidad Pontificia Bolivariana |
| 250 ## - MENCION DE EDICION | |
| Mención de edición | Primera edición. |
| 260 ## - PUBLICACION, DISTRIBUCION, ETC. (PIE DE IMPRENTA) | |
| Lugar de publicación, distribución, etc. | Medellín, |
| Nombre del editor, distribuidor, etc. | Área Metropolitana Valle de Aburrá, |
| -- | Universidad Pontificia Bolivariana, |
| Fecha de publicación, distribución, etc. | 2014 |
| 300 ## - DESCRIPCION FISICA | |
| Extensión | 62 páginas |
| Otros detalles físicos | Ilustraciones, mapas y fotografías. |
| Dimensiones | 21.5 x 14 cm |
| 650 #0 - ASIENTO SECUNDARIO DE MATERIA - TERMINO TEMATICO | |
| 9 (RLIN) | 74554 |
| Término temático o nombre geográfico como elemento de entrada | Planificación urbana |
| Subdivisión geográfica | Colombia |
| 650 #0 - ASIENTO SECUNDARIO DE MATERIA - TERMINO TEMATICO | |
| 9 (RLIN) | 9197 |
| Término temático o nombre geográfico como elemento de entrada | Desarrollo urbano |
| Subdivisión geográfica | Antioquia (Colombia) |
| 650 #0 - ASIENTO SECUNDARIO DE MATERIA - TERMINO TEMATICO | |
| 9 (RLIN) | 75657 |
| Término temático o nombre geográfico como elemento de entrada | Estudio de suelos |
| 651 ## - ASIENTO SECUNDARIO DE MATERIA - NOMBRE GEOGRAFICO | |
| Nombre geográfico | Valle de Aburrá |
| Subdivisión geográfica | (Antioquia, Colombia) |
| 9 (RLIN) | 102227 |
| 710 2# - ASIENTO SECUNDARIO - NOMBRE CORPORATIVO | |
| 9 (RLIN) | 14845 |
| Nombre corporativo o de jurisdicción como elemento de entrada | Universidad Pontificia Bolivariana |
| 942 ## - ELEMENTOS ADICIONALES (KOHA) | |
| Sistema de clasificación | Dewey Decimal Classification |
| Tipo de ítem | Libro |
| Withdrawn status | Lost status | Sistema de Clasificación | Damaged status | No para préstamo | Colección | Ubicación Permanente | Ubicación actual | Fecha de adquisición | Total Checkouts | Número topográfico | Inventario / Código de Barras | Date last seen | Ejemplar | Price effective from | Forma de adquisición | Tipo de material |
|---|---|---|---|---|---|---|---|---|---|---|---|---|---|---|---|---|
| Dewey Decimal Classification | General | Bogotá | Bogotá | 03/01/2020 | LB-307.12 A31g | 043969 | 03/01/2020 | Ej. 1 | 03/01/2020 | Donación | Libro |